000 00289nam a22001337a 4500
008 170731b xxu||||| |||| 00| 0 eng d
020 _a9781585035526
041 _aeng
080 _a004
100 _a32
101 _aSHK
245 _aAUTOCAD 2011 TUTORIAL
_cSHIH,R.H
942 _2udc
_cBK
999 _c22312
_d22312